000 00299nam a2200121Ia 4500
008 220204s9999 xx 000 0 und d
082 _a635
_bTHA;1
100 _aTHACKER, Christopher
245 0 _aHistory of gardens
260 _aLondon
_bGroom Helm
_c1979
650 _aGardens History
942 _cBK
999 _c33320
_d33320